Acteurs/Actrices part 2 - Statistiques

Statistiques générales
  • Ce quiz a été pris 498 fois
  • Le résultat moyen est 11 sur 16
Statistiques - réponses
Par images Réponse % Correct
Brad Pitt
95%
Angelina Jolie
93%
George Clooney
86%
Marion Cotillard
83%
Natalie Portman
82%
Chris Hemsworth
76%
Julia Roberts
75%
Robert de Niro
75%
Jennifer Lawrence
73%
John Travolta
64%
Anne Hathaway
63%
Jude Law
61%
Samuel.L.Jackson
59%
Al Pacino
56%
Zoe Saldana
37%
Sigourney Weaver
32%
Aucun quiz correspondant
Distribution des résultats
% des personnes avec chaque résultat
Percentile par nombre de réponses
Votre historique - résultats
Vous n’avez pas pris ce quiz